<?xml version="1.0" encoding="UTF-8"?>
<record
    xmlns:xsi="http://www.w3.org/2001/XMLSchema-instance"
    xsi:schemaLocation="http://www.loc.gov/MARC21/slim http://www.loc.gov/standards/marcxml/schema/MARC21slim.xsd"
    xmlns="http://www.loc.gov/MARC21/slim">

  <leader>02170nam a2200301Ia 4500</leader>
  <controlfield tag="003">OSt</controlfield>
  <controlfield tag="005">20211111104228.0</controlfield>
  <controlfield tag="008">210310s1998    ck ad  gr     000 0 spa d</controlfield>
  <datafield tag="020" ind1=" " ind2=" ">
    <subfield code="a">9588051061</subfield>
  </datafield>
  <datafield tag="040" ind1=" " ind2=" ">
    <subfield code="a">CO-JMCR</subfield>
    <subfield code="c">CO-JMCR</subfield>
  </datafield>
  <datafield tag="041" ind1=" " ind2=" ">
    <subfield code="a">spa</subfield>
  </datafield>
  <datafield tag="082" ind1="0" ind2="4">
    <subfield code="a">343.03 /</subfield>
    <subfield code="b">C758r</subfield>
    <subfield code="2">23</subfield>
  </datafield>
  <datafield tag="110" ind1="2" ind2=" ">
    <subfield code="a">Consultinc LTDA- CESCOM</subfield>
    <subfield code="9">41489</subfield>
  </datafield>
  <datafield tag="245" ind1="1" ind2="0">
    <subfield code="a">R&#xE9;gimen econ&#xF3;mico y jur&#xED;dico de la hacienda publica colombiana / </subfield>
    <subfield code="c">Consultic LTDA - CESCOM ; colaboradores, Jorge Alberto Silva Acero, Francisco Manuel Salazar, Jorge Enrique Cardona Bermeo, [y otros 2]</subfield>
  </datafield>
  <datafield tag="250" ind1=" " ind2=" ">
    <subfield code="a">Primera edici&#xF3;n.</subfield>
  </datafield>
  <datafield tag="260" ind1=" " ind2=" ">
    <subfield code="a">Bogot&#xE1; : </subfield>
    <subfield code="b">Universidad Nacional de Colombia, </subfield>
    <subfield code="c">1998.</subfield>
  </datafield>
  <datafield tag="300" ind1=" " ind2=" ">
    <subfield code="a">710 p&#xE1;ginas : </subfield>
    <subfield code="b">ilustraciones y gr&#xE1;ficas en blanco y negro ; </subfield>
    <subfield code="c">24 cm.</subfield>
  </datafield>
  <datafield tag="501" ind1=" " ind2=" ">
    <subfield code="a">Con: notas a pie de p&#xE1;gina.</subfield>
  </datafield>
  <datafield tag="505" ind1="0" ind2=" ">
    <subfield code="a">El presupuesto como instrumento de la planeaci&#xF3;n en Colombia. -- Normatividad sobre el presupuesto p&#xFA;blico sector central. -- Normatividad sobre el presupuesto empresas industriales y comerciales del estado. -- Principales conductas irregulares en la gesti&#xF3;n presupuestal. -- La cultura de los proyectos y el banco de proyectos en el banco de proyectos de inversi&#xF3;n nacional en Colombia. -- La gesti&#xF3;n de tesorer&#xED;a a nivel nacional y municipal. -- Cr&#xE9;dito p&#xFA;blico nacional. -- Cr&#xE9;dito p&#xFA;blico territorial. -- Principales irregularidades en la gesti&#xF3;n de cr&#xE9;dito p&#xFA;blico. -- Sentencias. -- Conclusiones de la comisi&#xF3;n de racionalizaci&#xF3;n del gasto y de las finanzas publicas. </subfield>
  </datafield>
  <datafield tag="520" ind1="0" ind2=" ">
    <subfield code="a">Se inicia de ese modo una nueva &#xE9;poca que se caracteriza por la subordinaci&#xF3;n definitiva de los procedimientos presupuestales territoriales a la Ley Org&#xE1;nica, tal como lo afirma la Corte Constitucional en Sentencia C-478 de 1992:</subfield>
  </datafield>
  <datafield tag="650" ind1="1" ind2="4">
    <subfield code="a">R&#xE9;gimen econ&#xF3;mico </subfield>
    <subfield code="v">Hacienda p&#xFA;blica</subfield>
    <subfield code="z">Colombia</subfield>
    <subfield code="9">41490</subfield>
  </datafield>
  <datafield tag="650" ind1="2" ind2="4">
    <subfield code="a">R&#xE9;gimen jur&#xED;dico </subfield>
    <subfield code="x">Hacienda p&#xFA;blica</subfield>
    <subfield code="z">Colombia</subfield>
    <subfield code="9">41491</subfield>
  </datafield>
  <datafield tag="650" ind1="2" ind2="4">
    <subfield code="a">Finanzas p&#xFA;blicas </subfield>
    <subfield code="x">Hacienda p&#xFA;blica</subfield>
    <subfield code="z">Colombia</subfield>
    <subfield code="9">41492</subfield>
  </datafield>
  <datafield tag="700" ind1="1" ind2=" ">
    <subfield code="a">Silva Acero, Jorge Alberto, </subfield>
    <subfield code="e">colaborador </subfield>
    <subfield code="9">41493</subfield>
  </datafield>
  <datafield tag="700" ind1="1" ind2=" ">
    <subfield code="a">Manuel Salazar, Francisco, </subfield>
    <subfield code="e">colaborador </subfield>
    <subfield code="9">41494</subfield>
  </datafield>
  <datafield tag="700" ind1="1" ind2=" ">
    <subfield code="a">Cardona Bermeo, Jorge Enrique </subfield>
    <subfield code="e">colaborador </subfield>
    <subfield code="9">41495</subfield>
  </datafield>
  <datafield tag="942" ind1=" " ind2=" ">
    <subfield code="2">ddc</subfield>
    <subfield code="c">BK</subfield>
  </datafield>
  <datafield tag="999" ind1=" " ind2=" ">
    <subfield code="c">12715</subfield>
    <subfield code="d">12715</subfield>
  </datafield>
  <datafield tag="952" ind1=" " ind2=" ">
    <subfield code="0">0</subfield>
    <subfield code="1">0</subfield>
    <subfield code="2">ddc</subfield>
    <subfield code="4">0</subfield>
    <subfield code="7">0</subfield>
    <subfield code="a">CPL</subfield>
    <subfield code="b">CPL</subfield>
    <subfield code="c">GEN</subfield>
    <subfield code="d">2018-04-15</subfield>
    <subfield code="e">Donaci&#xF3;n</subfield>
    <subfield code="o">343.03 / C758r</subfield>
    <subfield code="p">430004277</subfield>
    <subfield code="r">2024-05-16 00:00:00</subfield>
    <subfield code="t">Ej.1</subfield>
    <subfield code="w">2021-03-10</subfield>
    <subfield code="y">BK</subfield>
  </datafield>
</record>
